000 00285nam a2200121Ia 4500
008 240624s9999 xx 000 0 und d
041 _aeng
082 _a823 ORW
100 _aORWELL GEORGE
245 _aANIMAL FARM A FAIRY STORY
260 _aNew Delhi
_bPenguin Books
365 _cRS
999 _c30255
_d30255